Pass the Olympic baton to subbies (Record no. 77882)
[ view plain ]
| 000 -LEADER | |
|---|---|
| fixed length control field | 01062cab a2200217 4500 |
| 001 - CONTROL NUMBER | |
| control field | ##L135385 |
| 008 - FIXED-LENGTH DATA ELEMENTS--GENERAL INFORMATION | |
| fixed length control field | 061023n2006 000 0 eng u |
| 035 ## - SYSTEM CONTROL NUMBER | |
| System control number | (Sirsi) u135385 |
| 041 0# - LANGUAGE CODE | |
| Language code of text/sound track or separate title | eng |
| 100 1# - MAIN ENTRY--PERSONAL NAME | |
| Personal name | Klein, Rudi |
| 245 00 - TITLE STATEMENT | |
| Title | Pass the Olympic baton to subbies |
| 260 ## - PUBLICATION, DISTRIBUTION, ETC. | |
| Date of publication, distribution, etc. | 2006 |
| 490 #0 - SERIES STATEMENT | |
| Series statement | Construction News |
| Volume/sequential designation | (6988) 12 October 2006, 23(1) |
| 520 ## - SUMMARY, ETC. | |
| Summary, etc. | Looks at what contractors and specialist contractors can expect in terms of procurement and contractual arrangements for the 2012 Olympic Games. Highlights the use of the third edition of the New Engineering Contract (NEC3) and suggests that the NEC3 subcontract without amendments should be used. Also notes that a specialist should be appointed on the NEC3's Professional Services Agreement, partnering should be inclusive and not confined to client and main contractor, and retentions should be avoided. |
| 590 ## - LOCAL NOTE (RLIN) | |
| Local note | IKA311006 |
| 650 ## - SUBJECT ADDED ENTRY--TOPICAL TERM | |
| Topical term or geographic name entry element | OLYMPIC GAMES 2012 |
| 650 24 - SUBJECT ADDED ENTRY--TOPICAL TERM | |
| Topical term or geographic name entry element | NEW ENGINEERING CONTRACT (THIRD EDITION) |
| 651 #4 - SUBJECT ADDED ENTRY--GEOGRAPHIC NAME | |
| Geographic name | LONDON |
| 690 ## - LOCAL SUBJECT ADDED ENTRY--TOPICAL TERM (OCLC, RLIN) | |
| Topical term or geographic name as entry element | Procurement |
| 9 (RLIN) | 6260 |
| 942 ## - ADDED ENTRY ELEMENTS (KOHA) | |
| Suppress in OPAC | 0 |
| Withdrawn status | Lost status | Source of classification or shelving scheme | Damaged status | Not for loan | Home library | Current library | Shelving location | Date acquired | Total Checkouts | Full call number | Barcode | Date last seen | Copy number | Price effective from | Koha item type |
|---|---|---|---|---|---|---|---|---|---|---|---|---|---|---|---|
| Dewey Decimal Classification | London | London | Journal article | 23/10/2006 | L135385 | 135385-1001 | 06/08/2019 | 1 | 06/08/2019 | Journal article |